[Event "Enschede op-A"]
[Site "Enschede"]
[Date "2022.08.12"]
[Round "7"]
[White "Yannopapas, Leontios"]
[Black "Maters, Arthur"]
[Result "0-1"]
[WhiteElo "1508"]
[BlackElo "2096"]
[PlyCount "144"]
[EventDate "2022.08.08"]
[EventType "swiss"]
[EventRounds "9"]
[EventCountry "NED"]
[SourceTitle "CBM 209 Extra"]
[Source "ChessBase"]
[SourceDate "2022.09.30"]
[SourceVersion "1"]
[SourceVersionDate "2022.09.30"]
[SourceQuality "1"]

1. d4 d5 2. c4 e6 3. Nc3 Nf6 4. cxd5 exd5 5. Bg5 c6 6. Qc2 Bd6 7. e3 0-0 8. Bd3 h6 9. Bh4 Re8 10. Nge2 a5 11. 0-0 Bxh2+ 12. Kh1 Bd6 13. Rae1 Na6 14. a3 Nc7 15. e4 dxe4 16. Nxe4 Be7 17. f3 Ncd5 18. Nxf6+ Bxf6 19. Bxf6 Qxf6 20. Ng3 Qh4+ 21. Kg1 Qxd4+ 22. Kh1 Qh4+ 23. Kg1 Rxe1 24. Rxe1 Be6 25. Qf2 Nf4 26. Bc2 Rd8 27. Re5 Rd5 28. Qa7 g6 29. Ne4 Ne2+ 30. Kf1 Ng3+ 31. Nxg3 Qxg3 32. Rxd5 Bxd5 33. Qxa5 Qf4 34. Qc3 Qc4+ 35. Qxc4 Bxc4+ 36. Kf2 Kf8 37. Ke3 Ke7 38. Kd4 Bf1 39. g3 Kd6 40. Bb3 f6 41. Bf7 g5 42. Ke4 Bg2 43. Bh5 Ke6 44. Bg4+ Ke7 45. Kf5 Kf7 46. Bh5+ Kg7 47. Ke6 Bf1 48. Kd6 Ba6 49. Kc5 f5 50. a4 f4 51. gxf4 gxf4 52. b4 Kf6 53. b5 cxb5 54. axb5 Kg5 55. bxa6 bxa6 56. Be8 h5 57. Kb6 h4 58. Bd7 Kf6 59. Kc5 Ke5 60. Bh3 a5 61. Kb5 Kd4 62. Kxa5 Ke3 63. Bg4 Kf2 64. Kb4 Kg3 65. Kc3 h3 66. Bxh3 Kxh3 67. Kd3 Kg2 68. Ke2 Kg3 69. Ke1 Kxf3 70. Kf1 Ke3 71. Ke1 f3 72. Kf1 f2 0-1

[Event "Enschede op-A"]
[Site "Enschede"]
[Date "2022.08.11"]
[Round "6"]
[White "Goudriaan, Rafael"]
[Black "Yannopapas, Leontios"]
[Result "0-1"]
[WhiteElo "1594"]
[BlackElo "1508"]
[PlyCount "118"]
[EventDate "2022.08.08"]
[EventType "swiss"]
[EventRounds "9"]
[EventCountry "NED"]
[SourceTitle "CBM 209 Extra"]
[Source "ChessBase"]
[SourceDate "2022.09.30"]
[SourceVersion "1"]
[SourceVersionDate "2022.09.30"]
[SourceQuality "1"]

1. e4 c5 2. Nc3 Nc6 3. f4 e6 4. Nf3 d5 5. d3 dxe4 6. dxe4 Qxd1+ 7. Kxd1 Bd7 8. Bc4 0-0-0 9. Ke2 a6 10. a4 Nf6 11. e5 Ng4 12. h3 Nh6 13. g4 Nb4 14. Ne1 Bc6 15. Rg1 Be7 16. Be3 Bd5 17. Bd3 Rd7 18. a5 c4 19. Be4 g6 20. Bf3 Ng8 21. Na4 Bd8 22. Bb6 Ne7 23. Bxd8 Kxd8 24. Nb6 Rc7 25. Ra4 Nbc6 26. c3 Nb8 27. Nc2 Nd7 28. Nxd5 exd5 29. Ne3 Nc5 30. Ra2 Nd3 31. Ng2 Rc5 32. Ke3 Rb5 33. Be2 Nc5 34. Rd1 Kc7 35. f5 gxf5 36. Nf4 Nb3 37. Bf3 Rd8 38. e6 f6 39. Nh5 fxg4 40. hxg4 d4+ 41. cxd4 Nxd4 42. Rxd4 Rb3+ 43. Ke4 Rxd4+ 44. Kxd4 Rxf3 45. Kxc4 Kd6 46. b4 Kxe6 47. Re2+ Kf7 48. Re4 Nc6 49. Kc5 f5 50. Rc4 fxg4 51. Kb6 Rf5 52. Kxb7 Nxa5+ 53. bxa5 Rxh5 54. Kxa6 g3 55. Rg4 Rh6+ 56. Kb7 Rg6 57. Rxg6 Kxg6 58. a6 g2 59. a7 g1Q 0-1

[Event "Enschede op-A"]
[Site "Enschede"]
[Date "2022.08.10"]
[Round "5"]
[White "Yannopapas, Leontios"]
[Black "Hubers, Daan"]
[Result "1-0"]
[WhiteElo "1508"]
[BlackElo "1817"]
[PlyCount "69"]
[EventDate "2022.08.08"]
[EventType "swiss"]
[EventRounds "9"]
[EventCountry "NED"]
[SourceTitle "CBM 209 Extra"]
[Source "ChessBase"]
[SourceDate "2022.09.30"]
[SourceVersion "1"]
[SourceVersionDate "2022.09.30"]
[SourceQuality "1"]

1. d4 d5 2. c4 e6 3. Nc3 Nf6 4. cxd5 exd5 5. Bg5 c6 6. Qc2 Be7 7. e3 h6 8. Bh4 a5 9. Bd3 Na6 10. a3 b5 11. Nge2 b4 12. Nd1 Qb6 13. 0-0 0-0 14. f3 c5 15. Nf2 Qe6 16. g4 Nxg4 17. Nxg4 Bxh4 18. Nf4 Qd6 19. Ne5 cxd4 20. exd4 Bg5 21. Ng2 Bh3 22. f4 Bd8 23. Rf3 Bd7 24. Rg3 Bb6 25. Qf2 Nc7 26. Nh4 Rfe8 27. Kh1 f6 28. Rxg7+ Kxg7 29. Qg3+ Kf8 30. Nhg6+ Kg7 31. Nh8+ Kf8 32. Rg1 Ke7 33. Qg7+ Kd8 34. Nhf7+ Kc8 35. Nxd6+ 1-0

[Event "Athens ChessSquare op"]
[Site "Athens"]
[Date "2019.12.21"]
[Round "7"]
[White "Yannopapas, Leontios"]
[Black "Dimitriadis, Theodoros"]
[Result "1-0"]
[WhiteElo "1445"]
[BlackElo "1935"]
[PlyCount "59"]
[EventDate "2019.11.09"]
[EventType "swiss"]
[EventRounds "7"]
[EventCountry "GRE"]
[SourceTitle "EXT 2024"]
[Source "ChessBase"]
[SourceDate "2023.10.10"]
[SourceVersion "1"]
[SourceVersionDate "2023.10.10"]
[SourceQuality "1"]

1. d4 Nf6 2. c4 e6 3. Nc3 d5 4. cxd5 exd5 5. Bg5 c6 6. Qc2 h6 7. Bh4 Be7 8. e3 0-0 9. Bd3 Re8 10. Nf3 Nbd7 11. h3 Ne4 12. Bxe4 Bxh4 13. Bh7+ Kh8 14. g3 Be7 15. Bd3 Bb4 16. 0-0-0 b5 17. g4 a5 18. Rdg1 Qf6 19. Be2 Bxc3 20. Qxc3 b4 21. Qc2 Ba6 22. g5 hxg5 23. Rxg5 Bxe2 24. Qxe2 b3 25. axb3 a4 26. Rhg1 axb3 27. Nd2 Ra1+ 28. Nb1 Qxd4 29. Qh5+ Kg8 30. exd4 1-0

[Event "NED-ch U14 op"]
[Site "Borne"]
[Date "2019.08.09"]
[Round "7"]
[White "Van Doren, Frodo"]
[Black "Yannopapas, Leontios"]
[Result "1/2-1/2"]
[WhiteElo "1433"]
[BlackElo "1329"]
[PlyCount "83"]
[EventDate "2019.08.05"]
[EventType "swiss"]
[EventRounds "9"]
[EventCountry "NED"]
[SourceTitle "EXT 2020"]
[Source "ChessBase"]
[SourceDate "2019.10.17"]
[SourceVersion "1"]
[SourceVersionDate "2019.10.17"]
[SourceQuality "1"]

1. e4 c5 2. Nf3 Nc6 3. d4 cxd4 4. Nxd4 g6 5. Nc3 Bg7 6. Be3 Nf6 7. f3 0-0 8. Qd2 d5 9. exd5 Nxd5 10. Nxc6 bxc6 11. Bd4 Rb8 12. Bxg7 Kxg7 13. 0-0-0 Be6 14. Bc4 Qb6 15. Qd4+ Qxd4 16. Rxd4 Nxc3 17. bxc3 c5 18. Re4 Bxc4 19. Rxc4 Rbc8 20. Rd1 Rc7 21. Rd5 Rfc8 22. g4 Kf6 23. f4 Ke6 24. Rd3 f6 25. Re4+ Kf7 26. Rh3 Kg7 27. Rhe3 Kf7 28. Re6 Rd8 29. Ra6 Rd6 30. Ra5 Re6 31. Kd2 Rxe3 32. Kxe3 h5 33. gxh5 gxh5 34. f5 Kg7 35. a4 Kf7 36. Kd3 e6 37. fxe6+ Kxe6 38. Ke4 f5+ 39. Kf4 Kd5 40. Rb5 Kc4 41. Rb3 Rf7 42. h3 1/2-1/2

[Event "GRE-chT 47th"]
[Site "Patras"]
[Date "2019.07.02"]
[Round "1.3"]
[White "Yannopapas, Leontios"]
[Black "Dristellas, Neoklis"]
[Result "1/2-1/2"]
[WhiteElo "1428"]
[BlackElo "1577"]
[PlyCount "120"]
[EventDate "2019.07.02"]
[EventType "team-swiss"]
[EventRounds "7"]
[EventCountry "GRE"]
[SourceTitle "CBM 191 Extra"]
[Source "ChessBase"]
[SourceDate "2019.09.30"]
[SourceVersion "1"]
[SourceVersionDate "2019.09.30"]
[SourceQuality "1"]
[WhiteTeam "Pefkis"]
[BlackTeam "Kavalas"]
[WhiteTeamCountry "GRE"]
[BlackTeamCountry "GRE"]

1. d4 Nf6 2. Nc3 d5 3. Bf4 g6 4. Qd2 Bg7 5. 0-0-0 0-0 6. Bh6 b6 7. f3 Bb7 8. h4 Nh5 9. g4 Ng3 10. Rh3 Nxf1 11. Rxf1 f6 12. Bxg7 Kxg7 13. h5 g5 14. h6+ Kh8 15. f4 Rg8 16. fxg5 Rxg5 17. Qf4 Nd7 18. Nf3 Rg6 19. Rh5 c5 20. Nb5 a6 21. Nc7 e5 22. dxe5 Qxc7 23. Nh4 Rgg8 24. exf6 Qxf4+ 25. Rxf4 Raf8 26. f7 Rg6 27. Nxg6+ hxg6 28. Rh1 Ne5 29. Rhf1 Bc8 30. g5 Kh7 31. Rf6 b5 32. Rd6 Bh3 33. Rf2 Bf5 34. Rxd5 Ng4 35. Rf4 Rxf7 36. Rxc5 Ne3 37. Rc6 Rd7 38. b3 Rd1+ 39. Kb2 Nd5 40. Rd6 Rd2 41. e4 Nxf4 42. Rxd2 Bg4 43. Rf2 Ne6 44. e5 Bf5 45. Rg2 Nd4 46. c4 Nf3 47. Rg3 Nxe5 48. Kc3 Nc6 49. Re3 b4+ 50. Kd2 Nd4 51. Re7+ Kh8 52. Ke3 Nc2+ 53. Kf4 Nd4 54. c5 Bb1 55. Re8+ Kh7 56. Re7+ Kh8 57. Re8+ Kh7 58. Re7+ Kh8 59. Re8+ Kh7 60. Ke5 Nc6+ 1/2-1/2

[Event "GRE-ch U12"]
[Site "Patras"]
[Date "2019.06.26"]
[Round "3.3"]
[White "Yannopapas, Leontios"]
[Black "Antonioudakis, Georgios"]
[Result "0-1"]
[WhiteElo "1451"]
[BlackElo "1385"]
[PlyCount "58"]
[EventDate "2019.06.25"]
[EventType "swiss"]
[EventRounds "9"]
[EventCountry "GRE"]
[SourceTitle "EXT 2020"]
[Source "ChessBase"]
[SourceDate "2019.10.17"]
[SourceVersion "1"]
[SourceVersionDate "2019.10.17"]
[SourceQuality "1"]
[WhiteTeam "Greece"]
[BlackTeam "Greece"]
[WhiteTeamCountry "GRE"]
[BlackTeamCountry "GRE"]

1. d4 Nf6 2. Nc3 d5 3. Bf4 a6 4. e3 e6 5. g4 Bb4 6. Bd3 h6 7. h3 c5 8. dxc5 Nc6 9. Nf3 Bxc5 10. 0-0 Qe7 11. Ne5 0-0 12. a3 Nd7 13. Nxd7 Bxd7 14. Na4 Ba7 15. g5 e5 16. Bg3 Bxh3 17. Re1 Qxg5 18. Kh2 Bg4 19. Be2 Bxe2 20. Qxe2 d4 21. exd4 Nxd4 22. Qe4 Qh5+ 23. Kg2 b5 24. Nc3 Rad8 25. Ne2 f5 26. Qd3 e4 27. Qe3 Qf3+ 28. Kg1 Qxe3 29. fxe3 Nxc2 0-1

[Event "GRE-chT 46th"]
[Site "Rio Achaia"]
[Date "2018.07.12"]
[Round "4.10"]
[White "Tsavdaras, Dimitrios"]
[Black "Yannopapas, Leontios"]
[Result "1/2-1/2"]
[WhiteElo "1213"]
[BlackElo "1366"]
[PlyCount "61"]
[EventDate "2018.07.10"]
[EventType "team"]
[EventRounds "7"]
[EventCountry "GRE"]
[SourceTitle "CBM 185 Extra"]
[Source "ChessBase"]
[SourceDate "2018.07.29"]
[SourceVersion "1"]
[SourceVersionDate "2018.07.29"]
[SourceQuality "1"]
[WhiteTeam "3 Stars 89"]
[BlackTeam "Pefkis"]
[WhiteTeamCountry "GRE"]
[BlackTeamCountry "GRE"]

1. e4 c5 2. Nf3 g6 3. c4 Nc6 4. d4 cxd4 5. Nxd4 Nf6 6. Nc3 Nxd4 7. Qxd4 d6 8. Be2 Bg7 9. b3 0-0 10. Bb2 Qa5 11. 0-0 Nxe4 12. Qxe4 Bxc3 13. Bxc3 Qxc3 14. Qxe7 Qe5 15. Qxe5 dxe5 16. Rad1 Bf5 17. Rfe1 Rad8 18. Rd5 Rxd5 19. cxd5 Rd8 20. Bf3 e4 21. Bxe4 Bxe4 22. Rxe4 Rxd5 23. g4 Kf8 24. Kg2 Rd2 25. Ra4 a6 26. Rb4 Rxa2 27. Rxb7 Rb2 28. Rb6 a5 29. Ra6 Rxb3 30. Rxa5 Kg7 31. g5 1/2-1/2

[Event "GRE-ch U12"]
[Site "Rio Achaia"]
[Date "2018.07.07"]
[Round "7"]
[White "Stoimenidis, Dimitrios"]
[Black "Yannopapas, Leontios"]
[Result "1/2-1/2"]
[WhiteElo "1527"]
[BlackElo "1366"]
[PlyCount "73"]
[EventDate "2018.07.03"]
[EventType "swiss"]
[EventRounds "9"]
[EventCountry "GRE"]
[SourceTitle "EXT 2019"]
[Source "ChessBase"]
[SourceDate "2018.10.10"]
[SourceVersion "1"]
[SourceVersionDate "2018.10.10"]
[SourceQuality "1"]

1. e4 c5 2. Nf3 g6 3. d4 cxd4 4. Nxd4 Bg7 5. c4 Nc6 6. Be3 Nf6 7. Nc3 0-0 8. Be2 d6 9. 0-0 Bd7 10. h3 Rc8 11. Qd2 Nxd4 12. Bxd4 Bc6 13. Qd3 b6 14. Rfc1 Nd7 15. Bxg7 Kxg7 16. b3 Ne5 17. Qd4 Kg8 18. a3 f5 19. f4 Nd7 20. exf5 Rxf5 21. Bg4 Rf6 22. Re1 h5 23. Bxd7 Qxd7 24. Nd5 Bxd5 25. Qxd5+ Kh7 26. Re4 Rc5 27. Qd3 Rcf5 28. Rae1 Rf7 29. Re6 Qc7 30. Kh1 R5f6 31. Rxf6 Rxf6 32. Qe4 e6 33. Qd4 Qe7 34. Rd1 e5 35. fxe5 Qxe5 36. Qxe5 dxe5 37. Rd7+ 1/2-1/2

[Event "GRE-ch U12"]
[Site "Rio Achaia"]
[Date "2018.07.03"]
[Round "1"]
[White "Fertakis, Dimitrios"]
[Black "Yannopapas, Leontios"]
[Result "0-1"]
[WhiteElo "1058"]
[BlackElo "1366"]
[PlyCount "134"]
[EventDate "2018.07.03"]
[EventType "swiss"]
[EventRounds "9"]
[EventCountry "GRE"]
[SourceTitle "EXT 2019"]
[Source "ChessBase"]
[SourceDate "2018.10.10"]
[SourceVersion "1"]
[SourceVersionDate "2018.10.10"]
[SourceQuality "1"]

1. e4 c5 2. Nf3 g6 3. d4 cxd4 4. Nxd4 Bg7 5. Nc3 Nc6 6. Be3 Nf6 7. Be2 0-0 8. 0-0 d6 9. Qd2 Bd7 10. f4 Ng4 11. Bxg4 Bxg4 12. h3 Bd7 13. a3 Rc8 14. Nxc6 Bxc6 15. Bd4 e5 16. fxe5 dxe5 17. Be3 Qxd2 18. Bxd2 Rfd8 19. Be3 b6 20. Rf2 Rd7 21. Re1 Bb7 22. Ree2 Bf8 23. Rd2 Rxd2 24. Rxd2 Bxa3 25. bxa3 Rxc3 26. Bh6 Rc8 27. Rd7 Bxe4 28. Rxa7 Re8 29. Rc7 Bf5 30. Kf2 Be6 31. Rb7 Rc8 32. c3 Rxc3 33. Rxb6 Rc7 34. Rb8+ Bc8 35. a4 f6 36. Be3 Kf7 37. a5 Ke7 38. Rb6 Rb7 39. Rxb7+ Bxb7 40. g3 Kd6 41. Ke2 Ba6+ 42. Kf3 Kd5 43. g4 f5 44. gxf5 gxf5 45. h4 f4 46. Bf2 Ke6 47. Ke4 Bb7+ 48. Kd3 Kd5 49. Bg1 e4+ 50. Kd2 e3+ 51. Ke2 Ke4 52. Kd1 f3 53. Ke1 f2+ 54. Bxf2 exf2+ 55. Kxf2 Kf4 56. h5 Kg5 57. h6 Kxh6 58. Kg3 Kg5 59. Kh3 h5 60. Kg3 h4+ 61. Kh3 Kh5 62. Kh2 Kg4 63. Kg1 Kg3 64. a6 Bxa6 65. Kh1 h3 66. Kg1 h2+ 67. Kh1 Bb7# 0-1

[Event "GRE-ch U20"]
[Site "Chania"]
[Date "2018.04.14"]
[Round "7"]
[White "Sarafis, Rafail"]
[Black "Yannopapas, Leontios"]
[Result "0-1"]
[WhiteElo "1044"]
[BlackElo "1286"]
[PlyCount "88"]
[EventDate "2018.04.10"]
[EventType "swiss"]
[EventRounds "9"]
[EventCountry "GRE"]
[SourceTitle "CBM 184 Extra"]
[Source "ChessBase"]
[SourceDate "2018.06.28"]
[SourceVersion "1"]
[SourceVersionDate "2018.06.28"]
[SourceQuality "1"]
[WhiteTeam "Greece"]
[BlackTeam "Greece"]
[WhiteTeamCountry "GRE"]
[BlackTeamCountry "GRE"]

1. d4 d5 2. c4 c6 3. Nc3 Nf6 4. Nf3 dxc4 5. e4 b5 6. a4 b4 7. Na2 Nxe4 8. Bxc4 e6 9. Qe2 Nf6 10. 0-0 Be7 11. Bd2 a5 12. Rac1 0-0 13. Bd3 Ba6 14. Rfe1 Bxd3 15. Qxd3 c5 16. Bf4 Nc6 17. Red1 Nxd4 18. Nxd4 Qxd4 19. Qxd4 cxd4 20. Rxd4 Rfd8 21. Rxd8+ Rxd8 22. Kf1 g6 23. Ke2 Nd5 24. Be5 Bg5 25. Rc5 f6 26. Bg3 Nb6 27. f4 Bh6 28. Rxa5 Nc4 29. Rb5 Rd2+ 30. Kf3 Rxb2 31. Rxb4 Nd2+ 32. Kg4 Rxa2 33. Rb8+ Bf8 34. Ra8 Ne4 35. a5 h5+ 36. Kh3 Nxg3 37. a6 Nf5 38. a7 Ra3+ 39. g3 h4 40. Kg2 hxg3 41. hxg3 Rxg3+ 42. Kf2 Ra3 43. Ke2 Nd4+ 44. Kd2 Nc6 0-1

[Event "GRE-ch U20"]
[Site "Chania"]
[Date "2018.04.13"]
[Round "6"]
[White "Tsobanakis, Stelios"]
[Black "Yannopapas, Leontios"]
[Result "0-1"]
[WhiteElo "1197"]
[BlackElo "1286"]
[PlyCount "60"]
[EventDate "2018.04.10"]
[EventType "swiss"]
[EventRounds "9"]
[EventCountry "GRE"]
[SourceTitle "CBM 184 Extra"]
[Source "ChessBase"]
[SourceDate "2018.06.28"]
[SourceVersion "1"]
[SourceVersionDate "2018.06.28"]
[SourceQuality "1"]
[WhiteTeam "Greece"]
[BlackTeam "Greece"]
[WhiteTeamCountry "GRE"]
[BlackTeamCountry "GRE"]

1. e4 c5 2. Nf3 g6 3. d4 cxd4 4. Nxd4 Bg7 5. Be3 Nc6 6. Be2 Nf6 7. Nc3 0-0 8. 0-0 d6 9. f4 Qb6 10. Qd2 Nxe4 11. Nxe4 Nxd4 12. Bc4 Qc6 13. Bd3 Nf5 14. Bf2 Bxb2 15. Rab1 Bg7 16. Kh1 b6 17. Qe2 Bb7 18. Rfe1 Rac8 19. Rb3 Nd4 20. Bxd4 Bxd4 21. Qd2 f5 22. Ng3 Bc3 23. Rxc3 Qxc3 24. Qe2 Rfe8 25. Rb1 e5 26. Rb3 Qa1+ 27. Nf1 exf4 28. Qf2 Qe5 29. Rb1 Be4 30. Re1 Bxg2+ 0-1

[Event "GRE-ch U10"]
[Site "Achaia"]
[Date "2017.07.02"]
[Round "9"]
[White "Yannopapas, Leontios"]
[Black "Fotiadis, Alexandros"]
[Result "0-1"]
[WhiteElo "1243"]
[BlackElo "1154"]
[PlyCount "100"]
[EventDate "2017.06.26"]
[EventType "swiss"]
[EventRounds "9"]
[EventCountry "GRE"]
[SourceTitle "EXT 2018"]
[Source "ChessBase"]
[SourceDate "2017.10.13"]
[SourceVersion "1"]
[SourceVersionDate "2017.10.13"]
[SourceQuality "1"]

1. c4 e6 2. g3 c6 3. Bg2 d5 4. cxd5 exd5 5. d4 Bf5 6. Nf3 Bd6 7. 0-0 Nd7 8. Nc3 Ngf6 9. Nh4 Bg6 10. Nxg6 hxg6 11. Re1 Qc7 12. e4 dxe4 13. Nxe4 0-0-0 14. Nxd6+ Qxd6 15. Bf4 Qf8 16. Qa4 Nh5 17. Bd2 Kb8 18. g4 Nhf6 19. Bf4+ Ka8 20. Bxc6 Nb6 21. Qb5 Rxd4 22. Qe5 Rxf4 23. Bxb7+ Kxb7 24. Qxf4 Nfd5 25. Qe4 Qd6 26. Qg2 Kb8 27. Rad1 Qf4 28. Re4 Qc7 29. Red4 Nf4 30. Qf3 Ne2+ 31. Kf1 Nxd4 32. Rxd4 Qb7 33. Qg3+ Ka8 34. Qf4 Re8 35. f3 Qa6+ 36. Kg2 Qe2+ 37. Kg3 Qe1+ 38. Kh3 Rh8+ 39. Kg2 Qe2+ 40. Kg1 Re8 41. Qc7 Qe1+ 42. Kg2 Re2+ 43. Kh3 Qf1+ 44. Kh4 Qf2+ 45. Kg5 Qxd4 46. Qc6+ Kb8 47. f4 Qd5+ 48. Qxd5 Nxd5 49. a4 Rxh2 50. a5 Rh6 0-1

[Event "GRE-ch U10"]
[Site "Achaia"]
[Date "2017.06.28"]
[Round "4"]
[White "Paraskakis, Filippos"]
[Black "Yannopapas, Leontios"]
[Result "1-0"]
[WhiteElo "1072"]
[BlackElo "1243"]
[PlyCount "37"]
[EventDate "2017.06.26"]
[EventType "swiss"]
[EventRounds "9"]
[EventCountry "GRE"]
[SourceTitle "EXT 2018"]
[Source "ChessBase"]
[SourceDate "2017.10.13"]
[SourceVersion "1"]
[SourceVersionDate "2017.10.13"]
[SourceQuality "1"]

1. d4 d5 2. c4 c6 3. Nc3 Nf6 4. Nf3 Bf5 5. cxd5 cxd5 6. Qb3 b6 7. Bg5 e6 8. e3 Nbd7 9. Ne5 Qc7 10. Bb5 a6 11. Bc6 Ra7 12. Bxf6 gxf6 13. Bxd7+ Ke7 14. Nc6+ Kxd7 15. Nxa7 Qxa7 16. 0-0 Rg8 17. Nxd5 Be7 18. Nxb6+ Kc7 19. Rfc1+ 1-0

[Event "GRE-ch U10"]
[Site "Achaia"]
[Date "2017.06.27"]
[Round "3"]
[White "Yannopapas, Leontios"]
[Black "Tsarsitalidis, Christos"]
[Result "0-1"]
[WhiteElo "1243"]
[BlackElo "1157"]
[PlyCount "124"]
[EventDate "2017.06.26"]
[EventType "swiss"]
[EventRounds "9"]
[EventCountry "GRE"]
[SourceTitle "EXT 2018"]
[Source "ChessBase"]
[SourceDate "2017.10.13"]
[SourceVersion "1"]
[SourceVersionDate "2017.10.13"]
[SourceQuality "1"]

1. e4 e5 2. Nf3 Qe7 3. d4 d6 4. Bd3 Bg4 5. c3 c6 6. 0-0 Nf6 7. Nbd2 Qc7 8. a4 Nbd7 9. Nc4 Be7 10. Re1 0-0 11. Ne3 Bxf3 12. Qxf3 Qb6 13. Nf5 Rfe8 14. Nxe7+ Rxe7 15. Qe3 exd4 16. Qxd4 Qxd4 17. cxd4 c5 18. d5 Nxd5 19. Bc4 Nb4 20. Rb1 Nb6 21. Bb5 a6 22. Bf1 Rae8 23. f3 Nxa4 24. Rd1 Rd7 25. Bf4 d5 26. Bc4 Red8 27. exd5 Nxd5 28. Bg5 Nf6 29. Re1 h6 30. Bxf6 gxf6 31. Bb3 Nb6 32. Rbc1 Rc7 33. Rc2 Rdd7 34. Rec1 Rd3 35. Ba2 Nd7 36. b4 b6 37. Re1 b5 38. bxc5 Rxc5 39. Rxc5 Nxc5 40. Re7 Rd1+ 41. Kf2 Rd2+ 42. Re2 Rxe2+ 43. Kxe2 b4 44. Kd2 b3 45. Bb1 a5 46. Kc3 a4 47. Kb2 Kf8 48. h3 Ke7 49. g4 Kd6 50. Bh7 Ke5 51. Bg8 Kf4 52. Bxf7 Kxf3 53. Bh5 Ke3 54. Be8 Nd3+ 55. Kb1 a3 56. h4 Kd2 57. g5 fxg5 58. hxg5 hxg5 59. Bh5 a2+ 60. Ka1 b2+ 61. Kxa2 Kc1 62. Bg6 b1Q+ 0-1